000 00468nam a2200193Ia 4500
003 OSt
005 20230214140509.0
008 210210b1995 xxu||||| |||| 00| 0 eng d
040 _cAL
041 _aeng
082 _a542/162 BAHT
100 _aBAHL (B S)
_972233
245 _aTextbook of organic chemistry
260 _aND
_bS. Chand & Co. Ltd.
_c1995
690 _aOrganic Chemistry
_972234
700 _aBAHL (A)
_972235
906 _a049384
942 _2ddc
_cBK
999 _c128073
_d128073